000 00890nam a2200289 a 4500
001 000014150
003 DO-SdBNP
005 20180213134359.0
007 000014150
008 091207s2011 dr 000 j spa d
020 _a9789945429367
040 _aBPMSU
_bspa
_cBPMSU
092 _aRD863.42
_bM358o
100 1 _aMarrero Aristy, Ramón,
_d1913-1959
245 1 0 _aOver /
_cRamón Marrero Aristy. ;con amplio estudio de José Enrique García.
260 _aSanto Domingo :
_bAfaguara,
_c2011
300 _a260 p. ;
_c23 cm.
490 1 _aAlfaguara
_aroja
650 4 _aNOVELA DOMINICANA
650 4 _aLITERATURA DOMINICANA
700 1 2 _4García, José Enrique
830 0 _aAlfaguara
_proja, (República Dominicana)
910 _aValidado. Control de calidad BNPHU
942 _2ddc
_cBK
945 _aInvetanariado / 2018 VM
956 _aVMATEO
_b10
_c20150814
_lBPMSU
_h000151
999 _c8203
_d8203